书目信息 |
| 题名: |
数据包络分析
|
|
| 作者: | 魏权龄 著 | |
| 分册: | ||
| 出版信息: | 北京 科学出版社 |
|
| 页数: | 365页 | |
| 开本: | 26cm | |
| 丛书名: | 现代数学基础出丛书 | |
| 单 册: | ||
| 中图分类: | F224.12 | |
| 科图分类: | ||
| 主题词: | 经济--计算 , 经济数学--方法 | |
| 电子资源: | ||
| ISBN: | 7-03-012980-6 | |
| 000 | 00610nam0 2200217 450 | |
| 001 | 0732828906 | |
| 005 | 20070903090708.90 | |
| 010 | @a7-03-012980-6@d¥48.00 | |
| 100 | @a20070903d km y0chiy0120 ea | |
| 101 | 0 | @achi |
| 200 | 1 | @a数据包络分析@Ashu ju bao luo fen xi@f魏权龄著@Fwei quan ling zhu |
| 210 | @a北京@c科学出版社 | |
| 215 | @a365页@d26cm | |
| 225 | 2 | @a现代数学基础出丛书 |
| 410 | 0 | @12001 @a现代数学基础出丛书 |
| 606 | 0 | @a经济@x计算 |
| 606 | 0 | @a经济数学@x方法 |
| 690 | @aF224.12@v3 | |
| 701 | 0 | @a魏权龄@Awei quan ling@4著 |
| 801 | 0 | @aCN@bPFT@c20070903 |
| 905 | @a213230@dF224.12@eS4@f1 | |
| 数据包络分析/魏权龄著.-北京:科学出版社 |
| 365页;26cm.-(现代数学基础出丛书) |
| ISBN 7-03-012980-6:¥48.00 |
| ● |
| 相关链接 |
|
|
|
|
正题名:数据包络分析
索取号:F224.12/S4
 
预约/预借
| 序号 | 登录号 | 条形码 | 馆藏地/架位号 | 状态 | 备注 |
| 1 | 6704629 | 267046298 | 数信系资料室/ [索取号:F224.12/S4] | 在馆 | |
| 2 | 6704630 | 267046305 | 数信系资料室/ [索取号:F224.12/S4] | 在馆 | |
| 3 | 6704631 | 267046314 | 数信系资料室/ [索取号:F224.12/S4] | 在馆 | |
| 4 | 6704673 | 267046733 | 数信系资料室/ [索取号:F224.12/S4] | 在馆 | |
| 5 | 6704674 | 267046742 | 数信系资料室/ [索取号:F224.12/S4] | 在馆 |